| 000 | 00335 a2200109 4500 | ||
|---|---|---|---|
| 020 | _a978193415412 | ||
| 082 | _a625.85 ASP | ||
| 245 |
_aAsphalt Emulsion A Basic Asphalt Emulsion Manual : Manual Series No. 9 _cAsphalt Institute |
||
| 250 | _a3rd ed | ||
| 260 |
_aUSA : _bAsphalt institute, _c2005 |
||
| 300 |
_axi, 120p. : _bill. ; _c28 cm |
||
| 650 | _aAsphalt Emulsion | ||
| 999 |
_c1579 _d1579 |
||